Music Quiz

Random Music or Album Quiz

Neil Young Albums Quiz Stats

 Plays Quiz Retired Jul 7, 2021

     
Support Sporcle.
Go Orange.
Score 0/41 Timer 12:00
0 Plays Today
Year Album Title % Correct
1972Harvest
93.4%
1968Neil Young
84.2%
1970After the Gold Rush
81.6%
1979Rust Never Sleeps
77%
1992Harvest Moon
76.7%
1969Everybody Knows This Is Nowhere
72.9%
1974On the Beach
71%
1975Zuma
67.7%
1975Tonight's the Night
67.2%
1982Trans
62%
1989Freedom
57.2%
1977American Stars 'n Bars
55.8%
1978Comes a Time
54.4%
1995Mirror Ball
49.5%
1990Ragged Glory
48.6%
2003Greendale
47%
1981Re-ac-tor
45.8%
1983Everybody's Rockin'
43.1%
1986Landing on Water
42.3%
1994Sleeps With Angels
41.7%
1980Hawks & Doves
41.5%
Year Album Title % Correct
1973Time Fades Away
41.2%
1985Old Ways
40.5%
1988This Note's for You
40.2%
2000Silver & Gold
39%
2006Living With War
38.2%
2012Psychedelic Pill
37.5%
2005Prairie Wind
36.3%
2019Colorado
35.7%
2010Le Noise
35.3%
2007Chrome Dreams II
34.6%
2012Americana
33.1%
2009Fork in the Road
32.6%
1996Broken Arrow
32.1%
2002Are You Passionate?
31.9%
1987Life
31.7%
2015The Monsanto Years
31.3%
2014A Letter Home
24.8%
2014Storytone
22%
2016Peace Trail
21.3%
2017The Visitor
19.2%

From the Vault

Rolling Stone's Top 100 Pop Songs

by knoxvillian

Music 15m
Here is a quiz with some Pop!
Remove Ads.
Support Sporcle.
Get the best of Sporcle when you Go Orange. This ad-free experience offers more features, more stats, and more fun while also helping to support Sporcle. Thank you for becoming a member.

Show Comments

Extras

Top Quizzes Today


Score Distribution

Your Account Isn't Verified!

In order to create a playlist on Sporcle, you need to verify the email address you used during registration. Go to your Sporcle Settings to finish the process.

Report this User

Report this user for behavior that violates our Community Guidelines.

Details: